Statistiques concernant Nommez un état américain valide #1

Cliquez ici pour prendre le quiz!

Statistiques générales

  • Ce quiz a été pris 363 fois
    (361 depuis la dernière actualisation)
  • Le résultat moyen est 13 sur 20

Statistiques - réponses

Nommez un état américainRéponse(s)% Correct
...ne bordant aucun autre étatAlaska | Hawai
99%
...bordant le MexiqueArizona | Californie | Nouveau Mexique | Texas
94%
...avec un parc DisneyFloride | Californie
89%
...avec un superficie inférieure à 10 000 kilomètre carréDelaware | Rhode Island
83%
...où plus de 25% de la population parle espagnolCalifornie | Nouveau Mexique | Texas
79%
...qui est devenu un état américain en 1959Alaska | Hawai
78%
...contenant un ZArizona
77%
...qui a été le théâtre de l'assassinat d'un président américainNew Jersey | New York | Texas
77%
...avec 5 ou plus de Parc NationalAlaska | Californie | Utah
75%
...où au moins 40% de la population vit dans la plus grande villeAlaska | New York
69%
...avec un densité supérieure à 300 habitants au kilomètre carréMassachusetts | New Jersey | Rhode Island
68%
...qui a accès au lac EriéMichigan | New York | Ohio | Pennsylvanie
65%
...qui abrite le siege social d'une des 10 compagnies les plus riches des Etats-Unis (qui n'est pas la Californie)Arizona | Minnesota | Nebraska | Pennsylvanie | Rhode Island | Texas | Washington
57%
...qui borde au moins 7 autres étatsColorado | Kentucky | Missouri | Tennessee
48%
...qui a voté Obama en 2012 mais Trump en 2016Floride | Iowa | Michigan | Ohio | Pennsylvanie | Wisconsin
47%
...dont l'abréviation en deux caractères de l'État est composée de 2 voyelleIowa
44%
...dont la population a augmenté de plus de 20% entre 2000 et 2010Arizona | Idaho | Nevada | Texas | Utah
42%
...qui faisait parti de l'union mais qui pratiquait l'esclavageDelaware | Kentucky | Maryland | Missouri | Virginie Occidentale
35%
...avec un aigle sur son drapeauDakota du Nord | Illinois | Iowa | Michigan | Oregon | Pennsylvanie | Utah
34%
...qui avait aboli la peine de mort avant 1900Maine | Michigan | Wisconsin
23%

Distribution des résultats

Percentile par nombre de réponses

% des personnes avec chaque résultat

Votre développement - résultats

Vous n’avez pas pris ce quiz depuis la dernière actualisation